005090000a2200145000450024501050000065000240010565000270012965000220015665000190017865100110019765100140020804100130022210000260023577301020026110aComparative ecology of rain forest mammals in Africa and tropical America: some introductory remarks14aRiqueza de especies14aEcología comparativa14aBosques lluviosos14aDistribución 4pAfrica 4pAmérica0 aInglés1 aBourliére, Francois1 tTropical Forest Ecosystems in Africa and South America: a comparative review3522q279-292d1973?